personnages de fiction - Statistiques

Statistiques générales
  • Ce quiz a été pris 293 fois
  • Le résultat moyen est 15 sur 16
Statistiques - réponses
Par images Réponse % Correct
bob l'éponge
100%
dora
99%
pinocchio
99%
Shrek
99%
dumbo
98%
Mario
98%
luigi
97%
peach
97%
thor
96%
mulan
95%
jasmine
94%
Scooby doo
94%
Fiona
93%
toad
92%
mowgli
89%
lisa simpson
86%
Aucun quiz correspondant
Distribution des résultats
% des personnes avec chaque résultat
Percentile par nombre de réponses
Votre historique - résultats
Vous n’avez pas pris ce quiz